000
00280nam a2200157Ia 4500
100
_a
Saket/Pervin
650
_a
Fiction
942
_c
BK
366
_f
25
245
_a
Urmila
260
_b
Jaico
_c
2016
082
_b
SAK
300
_a
291
546
_a
ENGLISH
999
_c
34016
_d
34016